000 00989nam a22002297a 4500
005 20100820160031.0
008 100412t xxu||||| |||| 00| 0 ur d
010 _aUR-7812
020 _c250.00
035 _aU-6367
040 _adpl
_bur
082 _a841.08
100 _915656
_aساحل احمد
245 _aمیرےتعلق سے /
_cساحل احمد، مرتب
246 _aMere Talluq se /
_beditedv by Sahil Ahmad
260 _aالہ آباد
_bاردورائٹرس گلڈ
_c2008
270 _aUrdu Writers Galad
_bAllahabad
300 _a176,ص
_b22 س م (Pbk)
942 _2ddc
_cUR
_h841.08
_mس ا ح
999 _c42779
_d42779